Top 20 Countries Of International students to Canada 2023 - Statistics

General Stats
  • This quiz has been taken 33 times
  • The average score is 14 of 20
Answer Stats
# Hint Answer % Correct
12 15,615 Brazil
93%
2 102,150 China
93%
15 14,115 Hong Kong
93%
1 427,085 India
93%
14 14,825 United States
93%
5 26,980 France
90%
19 10,280 Japan
90%
9 16,980 Mexico
90%
10 15,930 South Korea
90%
3 48,870 Philippines
79%
8 17,175 Vietnam
79%
11 15,820 Bangladesh
69%
4 45,965 Nigeria
69%
16 13,335 Algeria
59%
13 15,205 Colombia
59%
6 24,960 Iran
55%
18 10,310 Morocco
52%
17 10,905 Ukraine
45%
20 9,235 Ghana
28%
7 20,465 Nepal
28%
No matching quizzes found
Score Distribution
Percent of People with Each Score
Percentile by Number Answered
Your Score History
You have not taken this quiz